Fr. Conceicao Rodrigues College of Engineering

Solar Energy (Record no. 18698)

MARC details
000 -LEADER
fixed length control field 00365nam a2200181Ia 4500
082 ## - DEWEY DECIMAL CLASSIFICATION NUMBER
Classification number 621.471
Item number SUK
100 ## - MAIN ENTRY--PERSONAL NAME
Personal name Sukhatme/S.P/ Nayak/ J.K
250 ## - EDITION STATEMENT
Edition statement 4
245 ## - TITLE STATEMENT
Title Solar Energy
260 ## - PUBLICATION, DISTRIBUTION, ETC.
Name of publisher, distributor, etc. McGraw Hill
Date of publication, distribution, etc. 2018
366 ## - TRADE AVAILABILITY INFORMATION
Publishers's discount category 20
300 ## - PHYSICAL DESCRIPTION
Extent 525
546 ## - LANGUAGE NOTE
Language note ENGLISH
650 ## - SUBJECT ADDED ENTRY--TOPICAL TERM
Topical term or geographic name entry element Solar energy
654 ## - SUBJECT ADDED ENTRY--FACETED TOPICAL TERMS
Focus term solar energy
942 ## - ADDED ENTRY ELEMENTS (KOHA)
Koha item type BOOK
Holdings
Withdrawn status Lost status Damaged status Not for loan Collection Home library Current library Date acquired Source of acquisition Cost, normal purchase price Inventory number Total Checkouts Full call number Barcode Date last seen Cost, replacement price Price effective from Koha item type
        CRC Fr. Agnel's C.Rodrigues College of Engineering Fr. Agnel's C.Rodrigues College of Engineering 17/03/2023 Readers World 652.00 349 dt 18.08.2022   621.471 SUK 25960 17/03/2023 815.00   BOOK
        CRC Fr. Agnel's C.Rodrigues College of Engineering Fr. Agnel's C.Rodrigues College of Engineering 17/03/2023 Readers World 652.00 349 dt 18.08.2022   621.471 SUK 25961 17/03/2023 815.00   BOOK
        CRC Fr. Agnel's C.Rodrigues College of Engineering Fr. Agnel's C.Rodrigues College of Engineering 17/03/2023 Readers World 652.00 349 dt 18.08.2022   621.471 SUK 25962 17/03/2023 815.00   BOOK